00251nam a2200073Ia 4500008004100000082001500041245007900056260004200135230907s9999||||xx |||||||||||||| ||und|| a530.4bTHI 0aThin film materials and devices - developments in science and technology : aWorld Scientific,bNew Jersey :c1999